000 00475nam a2200193Ia 4500
005 20250923145925.0
008 008 250917s9999 xx 000 0 eng d
037 _aTextual
040 _aDSWL
_beng
_cDSWL
041 _aeng
_2eng
084 _qDSWL
245 0 _aResearch on social work practice
260 _aNew Delhi
_bExcel Books
_c1995
365 _aINR
_b130.00
490 _vVol. 5, 1995
925 _g130.00
942 _cTEXL
999 _c1457401
_d1457401